000 00501nam a2200217Ia 4500
003 0100
008 130307s9999 xx 000 0 und d
020 _a080280196X
040 _cARRUPELIB
050 _aBT21.2.R63 1988
100 _aRogerson, John
245 4 _aThe study and use of the bible
245 _bThe history of christian theology
260 _aBasingstoke
260 _bWm B Eerdmans
260 _c1988
300 _a415p.
300 _b22cm.
650 _aBIBLE
942 0 0 _01
999 _c97084
_d97084